| Tag |
First Indicator |
Second Indicator |
Subfields |
| LEADER |
00000cam a2200000 4500 |
| 001 |
in00000674875 |
| 005 |
20151015084856.0 |
| 007 |
hd bfu|||bubu |
| 008 |
801001q19001983miu a 000 0aeng d |
| 010 |
|
|
|a mic59007354
|
| 035 |
|
|
|a (OCoLC)06775486
|
| 035 |
|
|
|9 ACY2351AM
|
| 040 |
|
|
|a UnM
|c TXA
|d OCL
|d RQM
|d UtOrBLW
|
| 043 |
|
|
|a n-us-pa
|
| 049 |
|
|
|a TXAI
|
| 090 |
|
|
|a N159.N51
|b H6
|
| 099 |
|
|
|a film
|a B
|a 1512
|a reel
|a 43.3
|
| 100 |
1 |
|
|a Hicks, Edward,
|d 1780-1849.
|
| 245 |
1 |
0 |
|a Memoirs of the life and religious labors of Edward Hicks :
|b late of Newtown, Bucks County. Pennsylvania /
|c Written by himself.
|
| 264 |
|
1 |
|a Philadelphia :
|b Merrihew & Thompson,
|c 1851.
|
| 300 |
|
|
|a 365 pages ;
|c 20 cm.
|
| 336 |
|
|
|a text
|b txt
|2 rdacontent
|
| 337 |
|
|
|a microform
|b h
|2 rdamedia
|
| 338 |
|
|
|a microfilm reel
|b hd
|2 rdacarrier
|
| 500 |
|
|
|a Master microform held by: UnM.
|
| 533 |
|
|
|a Microfilm.
|b Ann Arbor, Mich.,
|c University Microfilms International,
|d 19--.
|e 1 reel. 35 mm.
|f (American culture series, reel 43.3)
|
| 500 |
|
|
|a Microform.
|
| 651 |
|
0 |
|a Newtown (Bucks County, Pa.)
|
| 650 |
2 |
0 |
|a Society of Friends
|z Pennsylvania.
|
| 830 |
|
0 |
|a American culture series ;
|v reel 43.3.
|
| 999 |
|
|
|a MARS
|
| 999 |
f |
f |
|s afdccd82-a301-36ad-9784-b719f763502f
|i 2a68aed1-d031-3cc1-9972-268a5de706aa
|t 0
|
| 952 |
f |
f |
|p default
|a Texas A&M University
|b College Station
|c Sterling C. Evans Library
|d Evans: Microforms (3rd floor)
|t 0
|e film B 1512 reel 43.3
|h Other scheme
|i microform -- microfilm reel
|
| 998 |
f |
f |
|a film B 1512 reel 43.3
|t 0
|l Evans: Microforms (3rd floor)
|